[Event "SC Klein-Berlin Rheine 2 - SK Königsspr"]
[Site "Verbandsklasse 2017/2018"]
[Date "2017.12.16"]
[Round "4.8"]
[White "Engfer, Klaus"]
[Black "Keller, Hansjürgen"]
[Result "0-1"]
[WhiteElo "1564"]
[BlackElo "1665"]
[PlyCount "88"]
[EventDate "2017.??.??"]
[SourceTitle "Verband Muensterland"]
[SourceDate "2017.09.30"]
[SourceVersion "1"]
[SourceVersionDate "2017.09.30"]
[SourceQuality "1"]

1. e4 c5 2. Nf3 e6 3. d4 cxd4 4. Nxd4 a6 5. Bc4 Nf6 6. e5 Qa5+ 7. Nc3 Qxe5+ 8.
Be3 d5 9. Bb3 Bb4 10. O-O Bxc3 11. bxc3 Qc7 12. Qd3 O-O 13. c4 dxc4 14. Qxc4
Qxc4 15. Bxc4 b5 16. Bb3 Bd7 17. a4 b4 18. Rfd1 Nc6 19. Nf3 Rfd8 20. Bg5 Be8
21. Kf1 h6 22. Bxf6 gxf6 23. Ke2 a5 24. Rxd8 Rxd8 25. Rd1 Rxd1 26. Kxd1 Kf8 27.
Kd2 Ke7 28. Kd3 Kd6 29. Nd4 Kc5 30. Nf3 Ne5+ 31. Nxe5 fxe5 32. Ke4 Kd6 33. Kf3
f5 34. Kg3 Bg6 35. f3 Kc5 36. Kf2 Kd4 37. Ke2 Kc3 38. Kd1 f4 39. Kc1 e4 40.
Bxe6 e3 41. Kd1 Bxc2+ 42. Ke1 Bxa4 43. g3 b3 44. gxf4 b2 0-1

[Event "Indische Dame Münster 1 - SC Falke Saer"]
[Site "Verbandsklasse 2017/2018"]
[Date "2017.12.16"]
[Round "4.2"]
[White "Tenberge, Norbert"]
[Black "Fayazi, Shahriar"]
[Result "1/2-1/2"]
[WhiteElo "1819"]
[BlackElo "1964"]
[PlyCount "40"]
[EventDate "2017.??.??"]
[SourceTitle "Verband Muensterland"]
[SourceDate "2017.09.30"]
[SourceVersion "1"]
[SourceVersionDate "2017.09.30"]
[SourceQuality "1"]

1. g3 e5 2. Bg2 d5 3. d3 g6 4. Nf3 Bg7 5. O-O Ne7 6. c3 O-O 7. e4 c6 8. Be3 h6
9. Qc1 Kh7 10. h3 Na6 11. Ne1 f5 12. h4 Be6 13. f4 d4 14. cxd4 exd4 15. Bf2
fxe4 16. Bxe4 Bd5 17. Nd2 Nc7 18. Nef3 Ne6 19. Re1 Re8 20. Bxd5 Nxd5 1/2-1/2

[Event "Indische Dame Münster 1 - SC Falke Saer"]
[Site "Verbandsklasse 2017/2018"]
[Date "2017.12.16"]
[Round "4.3"]
[White "Fischer, Andreas"]
[Black "ter Veen, Michael"]
[Result "1/2-1/2"]
[WhiteElo "1912"]
[BlackElo "1668"]
[PlyCount "67"]
[EventDate "2017.??.??"]
[SourceTitle "Verband Muensterland"]
[SourceDate "2017.09.30"]
[SourceVersion "1"]
[SourceVersionDate "2017.09.30"]
[SourceQuality "1"]

1. e4 c5 2. Nf3 g6 3. d4 cxd4 4. Nxd4 Bg7 5. c4 Nc6 6. Be3 d6 7. Nc3 Nf6 8. Be2
O-O 9. O-O Bd7 10. Rc1 a6 11. h3 Ne8 12. Qd2 Rc8 13. Rfd1 Nc7 14. Nb3 Be6 15.
Nd5 Na8 16. c5 Bxd5 17. exd5 Ne5 18. c6 bxc6 19. Bxa6 Rc7 20. f4 Nd7 21. Rxc6
Nb8 22. Rxc7 Nxc7 23. Bb7 Nd7 24. Rc1 Qb8 25. Bc6 Rd8 26. Rc4 Na6 27. Qa5 Ndc5
28. Nxc5 Nxc5 29. b4 Nd3 30. Ba7 Qc8 31. Bb5 Qa8 32. Bc6 Qc8 33. Bb6 Rf8 34.
Qb5 1/2-1/2

[Event "Indische Dame Münster 1 - SC Falke Saer"]
[Site "Verbandsklasse 2017/2018"]
[Date "2017.12.16"]
[Round "4.4"]
[White "Glotzbach, Thomas"]
[Black "Hoge, Reinhard"]
[Result "1/2-1/2"]
[WhiteElo "1750"]
[BlackElo "1846"]
[PlyCount "46"]
[EventDate "2017.??.??"]
[SourceTitle "Verband Muensterland"]
[SourceDate "2017.09.30"]
[SourceVersion "1"]
[SourceVersionDate "2017.09.30"]
[SourceQuality "1"]

1. e4 c5 2. c3 e6 3. d4 d5 4. e5 Nc6 5. Nf3 Qb6 6. a3 c4 7. Nbd2 Na5 8. b3 cxb3
9. Rb1 Bd7 10. c4 dxc4 11. Nxc4 Nxc4 12. Bxc4 Bc6 13. Bxb3 Qa6 14. Ra1 Ne7 15.
a4 Nd5 16. Qe2 Qxe2+ 17. Kxe2 Be7 18. Bd2 O-O 19. Rhc1 Rfd8 20. Be3 Kf8 21. Ne1
Nb4 22. f3 Rac8 23. Nd3 Nxd3 1/2-1/2

[Event "Indische Dame Münster 1 - SC Falke Saer"]
[Site "Verbandsklasse 2017/2018"]
[Date "2017.12.16"]
[Round "4.5"]
[White "Bartsch, Jan"]
[Black "Dittberner, Markus"]
[Result "1-0"]
[WhiteElo "1703"]
[BlackElo "1638"]
[PlyCount "37"]
[EventDate "2017.??.??"]
[SourceTitle "Verband Muensterland"]
[SourceDate "2017.09.30"]
[SourceVersion "1"]
[SourceVersionDate "2017.09.30"]
[SourceQuality "1"]

1. b3 d5 2. Bb2 Bf5 3. e3 e6 4. f4 Nf6 5. Nf3 Nbd7 6. Be2 h6 7. O-O Be7 8. c4
c6 9. Ne5 Rg8 10. g4 Bh7 11. g5 Ne4 12. d3 Nd6 13. Bg4 hxg5 14. Bxe6 Nxe5 15.
fxe5 fxe6 16. Qh5+ Kd7 17. exd6 Bxd6 18. Qxh7 Bxh2+ 19. Qxh2 1-0

[Event "Indische Dame Münster 1 - SC Falke Saer"]
[Site "Verbandsklasse 2017/2018"]
[Date "2017.12.16"]
[Round "4.6"]
[White "Overesch, Dieter"]
[Black "Bartsch, Rainer"]
[Result "0-1"]
[WhiteElo "1737"]
[BlackElo "1741"]
[PlyCount "36"]
[EventDate "2017.??.??"]
[SourceTitle "Verband Muensterland"]
[SourceDate "2017.09.30"]
[SourceVersion "1"]
[SourceVersionDate "2017.09.30"]
[SourceQuality "1"]

1. d4 d5 2. Nf3 Nf6 3. Bg5 Nbd7 4. Nbd2 g6 5. e3 Bg7 6. Bd3 O-O 7. O-O c5 8. c3
b6 9. a4 a6 10. e4 dxe4 11. Nxe4 Bb7 12. Nxf6+ Bxf6 13. Bxf6 Nxf6 14. dxc5 bxc5
15. Qe2 Qc7 16. Bc4 Ng4 17. g3 Qc6 18. h3 Ne5 0-1

[Event "Indische Dame Münster 1 - SC Falke Saer"]
[Site "Verbandsklasse 2017/2018"]
[Date "2017.12.16"]
[Round "4.7"]
[White "Roos, Wilfried"]
[Black "Wichmann, Norbert"]
[Result "1-0"]
[WhiteElo "1693"]
[BlackElo "1758"]
[PlyCount "95"]
[EventDate "2017.??.??"]
[SourceTitle "Verband Muensterland"]
[SourceDate "2017.09.30"]
[SourceVersion "1"]
[SourceVersionDate "2017.09.30"]
[SourceQuality "1"]

1. d4 Nf6 2. c4 g6 3. Nc3 Bg7 4. Bg5 O-O 5. Qd2 c5 6. d5 Na6 7. Nf3 d6 8. e4
Re8 9. Be2 Ng4 10. h3 Ne5 11. Bh6 Nxf3+ 12. gxf3 Nb4 13. Bxg7 Kxg7 14. a3 Na6
15. O-O-O Bd7 16. Rdg1 Nc7 17. h4 e5 18. h5 Rh8 19. f4 Qf6 20. f5 Rag8 21. Rg3
Kf8 22. hxg6 hxg6 23. Rxh8 Qxh8 24. fxg6 fxg6 25. Qg5 Ke8 26. Bh5 Qxh5 27. Qxh5
gxh5 28. Rxg8+ Kf7 29. Rh8 b5 30. Rh7+ Ke8 31. cxb5 Nxb5 32. Nxb5 Bxb5 33. Rxa7
Bd3 34. f3 Be2 35. Kd2 Bxf3 36. Ke3 Bd1 37. a4 Kd8 38. a5 Kc8 39. a6 Kb8 40.
Rb7+ Kc8 41. Rb6 h4 42. a7 Kc7 43. a8=Q Kxb6 44. Qc6+ Ka5 45. Qxd6 Kb4 46. Qxe5
h3 47. d6 Ba4 48. Qh2 1-0

[Event "Indische Dame Münster 1 - SC Falke Saer"]
[Site "Verbandsklasse 2017/2018"]
[Date "2017.12.16"]
[Round "4.8"]
[White "Janocha, Hans-Dieter"]
[Black "Henschen, Daniel"]
[Result "0-1"]
[WhiteElo "1552"]
[BlackElo "1614"]
[PlyCount "47"]
[EventDate "2017.??.??"]
[SourceTitle "Verband Muensterland"]
[SourceDate "2017.09.30"]
[SourceVersion "1"]
[SourceVersionDate "2017.09.30"]
[SourceQuality "1"]

1. Nf3 d5 2. d4 Nf6 3. e3 g6 4. Bd3 Bg7 5. O-O O-O 6. Nbd2 Nc6 7. b3 Nb4 8. Be2
Bf5 9. c3 Bc2 10. Qe1 Nd3 11. Bxd3 Bxd3 12. Ne5 Bxf1 13. Qxf1 c6 14. Qd3 Nd7
15. Nef3 Re8 16. e4 e5 17. Bb2 exd4 18. cxd4 dxe4 19. Nxe4 Ne5 20. Nxe5 Bxe5
21. Rd1 Bxh2+ 22. Kf1 Qh4 23. Nd2 Bf4 24. Nf3 0-1

[Event "SF Stadtlohn 1 - SK Gescher 1"]
[Site "Verbandsklasse 2017/2018"]
[Date "2017.12.16"]
[Round "4.2"]
[White "Bußwolder, Peter"]
[Black "Priebs, Ludger"]
[Result "1/2-1/2"]
[WhiteElo "1758"]
[BlackElo "1721"]
[PlyCount "49"]
[EventDate "2017.??.??"]
[SourceTitle "Verband Muensterland"]
[SourceDate "2017.09.30"]
[SourceVersion "1"]
[SourceVersionDate "2017.09.30"]
[SourceQuality "1"]

1. d4 d5 2. c4 e6 3. Nc3 Be7 4. Nf3 c6 5. e3 Nf6 6. Bd3 Nbd7 7. Qc2 h6 8. O-O
Qc7 9. Re1 O-O 10. e4 dxe4 11. Nxe4 Nxe4 12. Bxe4 Nf6 13. Bd3 Bd7 14. b3 Rac8
15. Bb2 b5 16. Rac1 Qb7 17. Ne5 a6 18. Qe2 Bb4 19. Bc3 Bxc3 20. Rxc3 b4 21.
Rcc1 c5 22. dxc5 Rxc5 23. Rcd1 Bc6 24. Nxc6 Qxc6 25. Be4 1/2-1/2

[Event "SF Stadtlohn 1 - SK Gescher 1"]
[Site "Verbandsklasse 2017/2018"]
[Date "2017.12.16"]
[Round "4.3"]
[White "Lanfer, Stefanie"]
[Black "Wensing, Herbert"]
[Result "1-0"]
[WhiteElo "1810"]
[BlackElo "1689"]
[PlyCount "35"]
[EventDate "2017.??.??"]
[SourceTitle "Verband Muensterland"]
[SourceDate "2017.09.30"]
[SourceVersion "1"]
[SourceVersionDate "2017.09.30"]
[SourceQuality "1"]

1. e4 e5 2. d4 exd4 3. Qxd4 Nc6 4. Qe3 d6 5. Nc3 Nf6 6. b3 Be7 7. Bb2 O-O 8.
O-O-O Nh5 9. g3 f5 10. Bc4+ Kh8 11. f4 fxe4 12. Nxe4 Bf6 13. Nxf6 Nxf6 14. h3
a6 15. Nf3 b5 16. Bd5 Nxd5 17. Rxd5 Rf5 18. Qc3 1-0

[Event "SF Stadtlohn 1 - SK Gescher 1"]
[Site "Verbandsklasse 2017/2018"]
[Date "2017.12.16"]
[Round "4.4"]
[White "Pusch, Herbert"]
[Black "Iking, Bernhard"]
[Result "0-1"]
[WhiteElo "1543"]
[BlackElo "1793"]
[PlyCount "75"]
[EventDate "2017.??.??"]
[SourceTitle "Verband Muensterland"]
[SourceDate "2017.09.30"]
[SourceVersion "1"]
[SourceVersionDate "2017.09.30"]
[SourceQuality "1"]

1. f4 Nf6 2. e3 d5 3. d4 Bg4 4. Be2 h5 5. Nf3 e6 6. Nbd2 Nbd7 7. Ne5 Bxe2 8.
Qxe2 c6 9. a3 Ne4 10. Nxe4 dxe4 11. b4 Be7 12. Bb2 Rh6 13. b5 Nxe5 14. fxe5
Qa5+ 15. c3 Qxb5 16. Qxb5 cxb5 17. O-O Bg5 18. Rae1 Rc8 19. Re2 a6 20. g3 h4
21. Rff2 f5 22. gxh4 Bxh4 23. Rg2 g5 24. Kf1 g4 25. Rc2 Bg5 26. Bc1 Rh3 27. Ke2
Kd7 28. Rf2 Rc4 29. d5 Bh4 30. Rg2 Bg5 31. Bd2 exd5 32. Rb2 Ra4 33. Ra2 Kc6 34.
Bc1 Kc5 35. Rf2 Rf3 36. Bd2 Rxf2+ 37. Kxf2 Kc4 38. Ra1 0-1

[Event "SF Stadtlohn 1 - SK Gescher 1"]
[Site "Verbandsklasse 2017/2018"]
[Date "2017.12.16"]
[Round "4.5"]
[White "Stein, Michael"]
[Black "Schlattmann, Martin"]
[Result "1/2-1/2"]
[WhiteElo "1690"]
[BlackElo "1755"]
[PlyCount "25"]
[EventDate "2017.??.??"]
[SourceTitle "Verband Muensterland"]
[SourceDate "2017.09.30"]
[SourceVersion "1"]
[SourceVersionDate "2017.09.30"]
[SourceQuality "1"]

1. e4 e5 2. Nf3 Nc6 3. Bc4 Be7 4. O-O Nf6 5. d3 d6 6. h3 h6 7. c3 O-O 8. Nbd2
Na5 9. Re1 Nxc4 10. Nxc4 Be6 11. Ne3 Qd7 12. Nf1 Nh7 13. d4 1/2-1/2

[Event "SF Stadtlohn 1 - SK Gescher 1"]
[Site "Verbandsklasse 2017/2018"]
[Date "2017.12.16"]
[Round "4.6"]
[White "Becking, Stefan"]
[Black "Brands, Julian"]
[Result "1/2-1/2"]
[WhiteElo "1650"]
[BlackElo "1636"]
[PlyCount "49"]
[EventDate "2017.??.??"]
[SourceTitle "Verband Muensterland"]
[SourceDate "2017.09.30"]
[SourceVersion "1"]
[SourceVersionDate "2017.09.30"]
[SourceQuality "1"]

1. e4 c5 2. Nf3 d6 3. d4 cxd4 4. Nxd4 g6 5. Nc3 Bg7 6. Be3 Bd7 7. Bc4 Nc6 8.
Qd2 a6 9. Nxc6 Bxc6 10. O-O-O Rc8 11. Bb3 Qa5 12. Bd4 Nf6 13. f3 O-O 14. Kb1
Qc7 15. g4 b5 16. g5 Nh5 17. Bxg7 Nxg7 18. h4 a5 19. Ne2 e6 20. c3 a4 21. Bc2
d5 22. a3 dxe4 23. Bxe4 Bxe4+ 24. fxe4 Rfd8 25. Qe3 1/2-1/2

[Event "SF Stadtlohn 1 - SK Gescher 1"]
[Site "Verbandsklasse 2017/2018"]
[Date "2017.12.16"]
[Round "4.7"]
[White "Robers, Frank"]
[Black "Schley, Alfred"]
[Result "1/2-1/2"]
[WhiteElo "1648"]
[BlackElo "1710"]
[PlyCount "41"]
[EventDate "2017.??.??"]
[SourceTitle "Verband Muensterland"]
[SourceDate "2017.09.30"]
[SourceVersion "1"]
[SourceVersionDate "2017.09.30"]
[SourceQuality "1"]

1. e4 e5 2. Nf3 Nf6 3. Bc4 Nc6 4. d4 exd4 5. Bg5 Bb4+ 6. Nbd2 d6 7. O-O Bg4 8.
Bd5 Ne5 9. Bxb7 Bxd2 10. Bxd2 Rb8 11. Ba6 Nxe4 12. Be2 Bxf3 13. Bxf3 Nxd2 14.
Qxd2 Qf6 15. Bd5 O-O 16. Rad1 c6 17. Bb3 c5 18. h3 Ng6 19. f4 Ne7 20. g4 Qh4
21. Qg2 1/2-1/2

[Event "SF Stadtlohn 1 - SK Gescher 1"]
[Site "Verbandsklasse 2017/2018"]
[Date "2017.12.16"]
[Round "4.8"]
[White "Wiggers, Ralf"]
[Black "Frieske, Hilmar"]
[Result "0-1"]
[WhiteElo "1465"]
[BlackElo "1720"]
[PlyCount "78"]
[EventDate "2017.??.??"]
[SourceTitle "Verband Muensterland"]
[SourceDate "2017.09.30"]
[SourceVersion "1"]
[SourceVersionDate "2017.09.30"]
[SourceQuality "1"]

1. d4 Nf6 2. c4 e5 3. Bg5 h6 4. dxe5 hxg5 5. exf6 Bb4+ 6. Nc3 Qxf6 7. Rc1 d6 8.
e3 Bd7 9. Nf3 Nc6 10. Be2 O-O-O 11. O-O Bxc3 12. Rxc3 Qh6 13. g3 g4 14. Nh4 g5
15. Bxg4 gxh4 16. Bxd7+ Rxd7 17. g4 h3 18. f4 Rg8 19. Kh1 f6 20. Qf3 Rdg7 21.
Rg1 Qh4 22. g5 Qh7 23. e4 fxg5 24. Qg4+ Kb8 25. f5 Ne5 26. Qe2 g4 27. Rgg3 Qh6
28. b4 Nf3 29. a4 Qd2 30. Qxd2 Nxd2 31. Rge3 Nf3 32. c5 Rd8 33. c6 bxc6 34.
Rxc6 Kb7 35. b5 Re8 36. Rc4 d5 37. Rb4 Rd7 38. Rd3 Rd6 39. e5 Rxe5 0-1